[Event "DSJ Weihnachtsturnier U20 2020"]
[Site "https://play.chessbase.com/en/play?room=DSJWeihnachtU20"]
[Date "2020.12.29"]
[Round "6"]
[White "Müller, Milo"]
[Black "Tovmasyan, Minas"]
[Result "0-1"]
[Termination "normal"]
[Board "15.2"]
[WhiteElo "1232"]
[BlackElo "1771"]
[WhiteTeam "SC Windischeschenbach"]
[BlackTeam "TuS Makkabi Rostock"]
[PlyCount "174"]
[WhiteFideId "16265700"]
[BlackFideId "16247620"]
[EventRounds "7"]
[EventType "team-swiss"]
[EventDate "2020.12.29"]

1. e4 {[%emt 0:00:04]} c5 {[%emt 0:00:02]} 2. Nc3 {[%emt 0:00:03]} e6 {[%emt
0:00:02]} 3. f4 {[%emt 0:00:06]} d5 {[%emt 0:00:02]} 4. exd5 {[%emt 0:01:09]}
exd5 {[%emt 0:00:00]} 5. d3 {[%emt 0:00:01]} Nf6 {[%emt 0:00:16]} 6. g3 { [%emt
0:00:25]} g6 {[%emt 0:00:44]} 7. Bg2 {[%emt 0:00:07]} Bg7 {[%emt 0:00:01] } 8.
Nf3 {[%emt 0:00:24]} O-O {[%emt 0:00:05]} 9. O-O {[%emt 0:00:03]} Nc6 { [%emt
0:00:10]} 10. Re1 {[%emt 0:00:41]} Be6 {[%emt 0:00:25]} 11. Ne2 {[%emt
0:00:45]} d4 {[%emt 0:00:51]} 12. c3 {[%emt 0:01:44]} dxc3 {[%emt 0:01:03]} 13.
bxc3 {[%emt 0:00:18]} Nd5 {[%emt 0:00:24]} 14. d4 {[%emt 0:01:12]} Qa5 { [%emt
0:01:24]} 15. Qd2 {[%emt 0:01:02]} Rad8 {[%emt 0:02:00]} 16. Rb1 { [%emt
0:00:53]} Nb6 {[%emt 0:00:48]} 17. Rd1 {[%emt 0:01:27]} Nc4 {[%emt 0:01:17]}
18. Qe1 {[%emt 0:00:05]} b6 {[%emt 0:00:52]} 19. dxc5 {[%emt 0:00:02]} Rxd1
{[%emt 0:00:06]} 20. Qxd1 {[%emt 0:00:01]} Rd8 {[%emt 0:00:01]} 21. Qe1 { [%emt
0:00:01]} Qxc5+ {[%emt 0:00:01]} 22. Nfd4 {[%emt 0:00:03]} Nxd4 {[%emt
0:00:03]} 23. Nxd4 {[%emt 0:00:01]} Bxd4+ {[%emt 0:00:04]} 24. cxd4 {[%emt
0:00:01]} Qxd4+ {[%emt 0:00:04]} 25. Kh1 {[%emt 0:00:04]} Qd7 {[%emt 0:00:01]}
26. Bb2 {[%emt 0:00:03]} Qe7 {[%emt 0:00:04]} 27. Bc3 {[%emt 0:00:05]} Nd6 {
[%emt 0:00:03] '} 28. Rd1 {[%emt 0:00:02]} Nf5 {[%emt 0:00:01]} 29. Rxd8+ {
[%emt 0:00:02]} Qxd8 {[%emt 0:00:00]} 30. Qd2 {[%emt 0:00:02]} Qxd2 {[%emt
0:00:02]} 31. Bxd2 {[%emt 0:00:01]} Kf8 {[%emt 0:00:01]} 32. a4 {[%emt
0:00:02]} Ke7 {[%emt 0:00:01]} 33. Bc6 {[%emt 0:00:02]} Kd6 {[%emt 0:00:01]}
34. Bg2 { [%emt 0:00:02]} Bd5 {[%emt 0:00:01]} 35. Bxd5 {[%emt 0:00:02]} Kxd5
{[%emt 0:00:00]} 36. a5 {[%emt 0:00:01]} Kc5 {[%emt 0:00:02]} 37. axb6 {[%emt
0:00:02]} axb6 {[%emt 0:00:00]} 38. Kg1 {[%emt 0:00:02]} b5 {[%emt 0:00:01]}
39. Kf1 { [%emt 0:00:01]} Kc4 {[%emt 0:00:01]} 40. Ke1 {[%emt 0:00:01]} b4
{[%emt 0:00:01]} 41. Kd1 {[%emt 0:00:01]} b3 {[%emt 0:00:02]} 42. Kc1 {[%emt
0:00:01]} Kd3 {[%emt 0:00:02]} 43. Ba5 {[%emt 0:00:07]} Nd4 {[%emt 0:00:10]}
44. Kb2 { [%emt 0:00:02]} Kc4 {[%emt 0:00:03]} 45. Bc3 {[%emt 0:00:03]} Ne2
{[%emt 0:00:02]} 46. Bf6 {[%emt 0:00:01]} Ng1 {[%emt 0:00:04]} 47. g4 {[%emt
0:00:03]} Nf3 {[%emt 0:00:00]} 48. h4 {[%emt 0:00:02]} Ne1 {[%emt 0:00:03]} 49.
h5 {[%emt 0:00:05]} Nd3+ {[%emt 0:00:00]} 50. Kb1 {[%emt 0:00:02]} Nxf4 {[%emt
0:00:01]} 51. hxg6 {[%emt 0:00:02]} hxg6 {[%emt 0:00:00]} 52. g5 {[%emt
0:00:01]} Nd5 { [%emt 0:00:03]} 53. Bg7 {[%emt 0:00:02]} Nc3+ {[%emt 0:00:03]}
54. Kb2 { [%emt 0:00:01]} Nd1+ {[%emt 0:00:05]} 55. Kb1 {[%emt 0:00:02]} Nc3+
{[%emt 0:00:06]} 56. Bxc3 {[%emt 0:00:02]} Kxc3 {[%emt 0:00:00]} 57. Kc1 {[%emt
0:00:01] } Kd3 {[%emt 0:00:04]} 58. Kb2 {[%emt 0:00:01]} Ke4 {[%emt 0:00:01]}
59. Kxb3 { [%emt 0:00:01]} Kf5 {[%emt 0:00:00]} 60. Kc3 {[%emt 0:00:01]} Kxg5
{[%emt 0:00:00]} 61. Kd3 {[%emt 0:00:01]} Kg4 {[%emt 0:00:00]} 62. Ke2 {[%emt
0:00:01]} f5 {[%emt 0:00:01]} 63. Kf2 {[%emt 0:00:01]} f4 {[%emt 0:00:00]} 64.
Kg2 {[%emt 0:00:01]} g5 {[%emt 0:00:00]} 65. Kf2 {[%emt 0:00:01]} Kf5 {[%emt
0:00:00]} 66. Kf3 {[%emt 0:00:01]} g4+ {[%emt 0:00:00]} 67. Kf2 {[%emt
0:00:01]} f3 {[%emt 0:00:01]} 68. Kg3 {[%emt 0:00:02]} Ke4 {[%emt 0:00:01]} 69.
Kf2 {[%emt 0:00:01]} Kf4 {[%emt 0:00:02]} 70. Kf1 {[%emt 0:00:04]} g3 {[%emt
0:00:01]} 71. Kg1 { [%emt 0:00:01]} f2+ {[%emt 0:00:02]} 72. Kg2 {[%emt
0:00:02]} Ke3 {[%emt 0:00:01]} 73. Kf1 {[%emt 0:00:03]} Kd2 {[%emt 0:00:08]}
74. Kg2 {[%emt 0:00:10]} Ke1 {[%emt 0:00:02]} 75. Kxg3 {[%emt 0:00:02]} f1=Q
{[%emt 0:00:01]} 76. Kg4 { [%emt 0:00:01]} Qf2 {[%emt 0:00:01]} 77. Kg5 {[%emt
0:00:04]} Qf3 {[%emt 0:00:01]} 78. Kg6 {[%emt 0:00:01]} Qf4 {[%emt 0:00:01]}
79. Kg7 {[%emt 0:00:01]} Qf5 {[%emt 0:00:01]} 80. Kg8 {[%emt 0:00:02]} Qf6
{[%emt 0:00:01]} 81. Kh7 { [%emt 0:00:01]} Qg5 {[%emt 0:00:00]} 82. Kh8 {[%emt
0:00:01]} Ke2 {[%emt 0:00:00]} 83. Kh7 {[%emt 0:00:01]} Ke3 {[%emt 0:00:00]}
84. Kh8 {[%emt 0:00:01]} Ke4 {[%emt 0:00:00]} 85. Kh7 {[%emt 0:00:01]} Ke5
{[%emt 0:00:00]} 86. Kh8 { [%emt 0:00:01]} Kf6 {[%emt 0:00:01]} 87. Kh7 {[%emt
0:00:01]} Qg7# {[%emt 0:00:00]} 0-1

[Event "DSJ Weihnachtsturnier U20 2020"]
[Site "https://play.chessbase.com/en/play?room=DSJWeihnachtU20"]
[Date "2020.12.29"]
[Round "6"]
[White "Elsken Sicard, Fabian"]
[Black "Lamm, Simon"]
[Result "1-0"]
[Termination "normal"]
[Board "15.3"]
[WhiteElo "1469"]
[BlackElo "1569"]
[WhiteTeam "TuS Makkabi Rostock"]
[BlackTeam "SC Windischeschenbach"]
[PlyCount "53"]
[WhiteFideId "16247612"]
[BlackFideId "16203003"]
[EventRounds "7"]
[EventType "team-swiss"]
[EventDate "2020.12.29"]

1. d4 {[%emt 0:00:06]} g6 {[%emt 0:00:02]} 2. c4 {[%emt 0:00:01]} Bg7 {[%emt
0:00:01]} 3. Nc3 {[%emt 0:00:01]} c5 {[%emt 0:00:00]} 4. d5 {[%emt 0:00:03]}
Bxc3+ {[%emt 0:00:01]} 5. bxc3 {[%emt 0:00:02]} f5 {[%emt 0:00:00]} 6. Qc2 {
[%emt 0:00:21]} Nf6 {[%emt 0:00:11]} 7. Bh6 {[%emt 0:00:04]} b6 {[%emt 0:00:40]
} 8. Nf3 {[%emt 0:00:07]} Ba6 {[%emt 0:00:45]} 9. Bg7 {[%emt 0:00:02]} Rg8 {
[%emt 0:00:07]} 10. Bxf6 {[%emt 0:00:01]} exf6 {[%emt 0:00:01]} 11. e4 { [%emt
0:00:01]} Kf7 {[%emt 0:00:54]} 12. e5 {[%emt 0:00:17]} Re8 {[%emt 0:00:14]} 13.
e6+ {[%emt 0:00:19]} dxe6 {[%emt 0:00:08]} 14. O-O-O {[%emt 0:00:01]} e5 {[%emt
0:00:56]} 15. h4 {[%emt 0:00:34]} Nd7 {[%emt 0:01:21]} 16. h5 { [%emt 0:00:05]}
Rh8 {[%emt 0:00:35]} 17. Nh4 {[%emt 0:00:26]} Qe7 {[%emt 0:01:11]} 18. g4
{[%emt 0:00:20]} e4 {[%emt 0:02:53]} 19. gxf5 {[%emt 0:03:16]} g5 { [%emt
0:00:08]} 20. Ng2 {[%emt 0:00:17]} Qe5 {[%emt 0:00:16]} 21. Re1 {[%emt
0:00:07]} Rhe8 {[%emt 0:00:04]} 22. Rh3 {[%emt 0:00:28]} Qxf5 {[%emt 0:00:03]}
23. Rhe3 {[%emt 0:00:09]} Ne5 {[%emt 0:00:05]} 24. Rxe4 {[%emt 0:00:04]} Nf3 {
[%emt 0:00:01]} 25. Re7+ {[%emt 0:00:08]} Rxe7 {[%emt 0:00:04]} 26. Rxe7+ {
[%emt 0:00:03]} Kxe7 {[%emt 0:00:00]} 27. Qxf5 {[%emt 0:00:02]} 1-0

[Event "DSJ Weihnachtsturnier U20 2020"]
[Site "https://play.chessbase.com/en/play?room=DSJWeihnachtU20"]
[Date "2020.12.29"]
[Round "6"]
[White "Schulz, Jannis"]
[Black "Sinnhöfer, Jonas"]
[Result "1-0"]
[Termination "normal"]
[Board "16.1"]
[WhiteElo "1786"]
[BlackElo "1919"]
[WhiteTeam "Barnimer Schachfreunde im SV Stahl Finow"]
[BlackTeam "Delmenhorster SK V 1931"]
[PlyCount "96"]
[WhiteFideId "16224710"]
[BlackFideId "12982938"]
[EventRounds "7"]
[EventType "team-swiss"]
[EventDate "2020.12.29"]

1. d4 {[%emt 0:00:04]} Nf6 {[%emt 0:00:03]} 2. Nf3 {[%emt 0:00:02]} g6 { [%emt
0:00:02]} 3. Bf4 {[%emt 0:00:03]} Bg7 {[%emt 0:00:02]} 4. e3 {[%emt 0:00:03]}
O-O {[%emt 0:00:02]} 5. Bd3 {[%emt 0:00:04]} c5 {[%emt 0:00:02]} 6. c3 { [%emt
0:00:01]} Nc6 {[%emt 0:00:02]} 7. O-O {[%emt 0:00:01]} d6 {[%emt 0:00:02] } 8.
h3 {[%emt 0:00:06]} Re8 {[%emt 0:00:15]} 9. e4 {[%emt 0:00:26]} cxd4 { [%emt
0:00:15]} 10. cxd4 {[%emt 0:00:02]} Qb6 {[%emt 0:00:02] Delmen1-001
reconnected.} 11. e5 {[%emt 0:01:39]} Nd5 {[%emt 0:00:10]} 12. Bc1 {[%emt
0:00:13]} dxe5 {[%emt 0:00:12]} 13. dxe5 {[%emt 0:00:14]} Nxe5 {[%emt 0:00:03]}
14. Nxe5 {[%emt 0:00:17] Delmen1-001 reconnected.} Bxe5 {[%emt 0:00:16]} 15.
Bc4 { [%emt 0:00:04]} Nc7 {[%emt 0:00:13]} 16. Bb3 {[%emt 0:00:10]} Be6 {[%emt
0:00:12]} 17. Nd2 {[%emt 0:00:09]} Bxb3 {[%emt 0:00:13]} 18. Nxb3 {[%emt
0:00:03]} Ne6 {[%emt 0:00:13]} 19. Qe2 {[%emt 0:00:10]} Bg7 {[%emt 0:00:06]}
20. Be3 { [%emt 0:00:05]} Qd6 {[%emt 0:00:15]} 21. Rfd1 {[%emt 0:00:15]} Qe5
{[%emt 0:00:05]} 22. Rab1 {[%emt 0:00:14]} Nf4 {[%emt 0:00:03]} 23. Qf3 {[%emt
0:00:10]} Ne6 {[%emt 0:00:14]} 24. Qxb7 {[%emt 0:00:05]} a5 {[%emt 0:00:07]}
25. Qd5 { [%emt 0:00:11]} Qxd5 {[%emt 0:00:09]} 26. Rxd5 {[%emt 0:00:00]} a4
{[%emt 0:00:01]} 27. Nc5 {[%emt 0:00:26]} Nxc5 {[%emt 0:00:04]} 28. Bxc5 {[%emt
0:00:03]} Ra5 {[%emt 0:00:07]} 29. Rbd1 {[%emt 0:00:31]} e6 {[%emt 0:00:07]}
30. Rd8 { [%emt 0:00:04]} Ra8 {[%emt 0:00:03]} 31. Rxe8+ {[%emt 0:00:05]} Rxe8
{[%emt 0:00:08]} 32. b3 {[%emt 0:00:01]} axb3 {[%emt 0:00:16]} 33. axb3 {[%emt
0:00:02]} Be5 {[%emt 0:00:01]} 34. Kf1 {[%emt 0:00:11]} Rb8 {[%emt 0:00:03]}
35. Rd3 { [%emt 0:00:08]} Kg7 {[%emt 0:00:05]} 36. Ke2 {[%emt 0:00:03]} f5
{[%emt 0:00:04]} 37. Rd7+ {[%emt 0:00:29]} Kf6 {[%emt 0:00:02]} 38. Be7+ {[%emt
0:00:03]} Kf7 {[%emt 0:00:12]} 39. Bd6+ {[%emt 0:00:17]} Kf6 {[%emt 0:00:15]}
40. Bxb8 { [%emt 0:00:03]} Bxb8 {[%emt 0:00:00]} 41. Rxh7 {[%emt 0:00:01]} e5
{[%emt 0:00:04]} 42. b4 {[%emt 0:00:02]} e4 {[%emt 0:00:03]} 43. b5 {[%emt
0:00:02]} Bd6 { [%emt 0:00:08]} 44. b6 {[%emt 0:00:06]} e3 {[%emt 0:00:01]} 45.
fxe3 {[%emt 0:00:03]} g5 {[%emt 0:00:05]} 46. b7 {[%emt 0:00:01]} Bf8 {[%emt
0:00:02]} 47. b8=Q {[%emt 0:00:06]} Bg7 {[%emt 0:00:01]} 48. Qd6+ {[%emt
0:00:03]} Kf7 { [%emt 0:00:08]} 1-0

[Event "DSJ Weihnachtsturnier U20 2020"]
[Site "https://play.chessbase.com/en/play?room=DSJWeihnachtU20"]
[Date "2020.12.29"]
[Round "6"]
[White "Sinnhöfer, Joshua"]
[Black "Schulz, Maximilian"]
[Result "0-1"]
[Termination "normal"]
[Board "16.2"]
[WhiteElo "1712"]
[BlackElo "1629"]
[WhiteTeam "Delmenhorster SK V 1931"]
[BlackTeam "Barnimer Schachfreunde im SV Stahl Finow"]
[PlyCount "132"]
[WhiteFideId "16201361"]
[BlackFideId "16221397"]
[EventRounds "7"]
[EventType "team-swiss"]
[EventDate "2020.12.29"]

1. e4 {[%emt 0:00:03] Barnim1-002 kibitzing!?} d5 {[%emt 0:00:15]} 2. exd5 {
[%emt 0:00:04]} Qxd5 {[%emt 0:00:02]} 3. Nc3 {[%emt 0:00:00]} Qa5 {[%emt
0:00:02]} 4. d4 {[%emt 0:00:03]} c6 {[%emt 0:00:04]} 5. Nf3 {[%emt 0:00:24]}
Bf5 { [%emt 0:00:04]} 6. Bc4 {[%emt 0:00:24]} Nf6 {[%emt 0:00:06]} 7. O-O
{[%emt 0:00:13]} e6 {[%emt 0:00:04]} 8. Bd2 {[%emt 0:00:26]} Qc7 {[%emt
0:00:03]} 9. Ne5 {[%emt 0:00:12]} Bd6 {[%emt 0:00:11]} 10. Bf4 {[%emt 0:00:12]}
Nbd7 {[%emt 0:00:12]} 11. Re1 {[%emt 0:00:15]} O-O {[%emt 0:00:03]} 12. Bg3
{[%emt 0:00:03]} Rfe8 {[%emt 0:01:00]} 13. Nxd7 {[%emt 0:00:08]} Qxd7 {[%emt
0:00:24]} 14. Bxd6 {[%emt 0:00:04]} Qxd6 {[%emt 0:00:03]} 15. Bd3 {[%emt
0:00:08]} Bxd3 {[%emt 0:00:10]} 16. Qxd3 {[%emt 0:00:00]} Nd5 {[%emt 0:00:03]}
17. Nxd5 {[%emt 0:00:04] } exd5 {[%emt 0:00:04]} 18. c3 {[%emt 0:00:03]} Re7
{[%emt 0:00:14]} 19. Rxe7 { [%emt 0:00:04]} Qxe7 {[%emt 0:00:02]} 20. Kf1
{[%emt 0:00:02]} Re8 {[%emt 0:00:04]} 21. Qd2 {[%emt 0:00:02]} Qd7 {[%emt
0:00:32]} 22. Re1 {[%emt 0:00:13]} Rxe1+ {[%emt 0:00:03]} 23. Qxe1 {[%emt
0:00:00]} a6 {[%emt 0:00:17]} 24. Qe5 { [%emt 0:00:04]} f6 {[%emt 0:00:05]} 25.
Qe3 {[%emt 0:00:08]} Kf7 {[%emt 0:00:03]} 26. h3 {[%emt 0:00:07]} Qf5 {[%emt
0:00:06]} 27. Qc1 {[%emt 0:00:29]} Qd3+ {[%emt 0:00:15]} 28. Kg1 {[%emt
0:00:03]} Qe2 {[%emt 0:00:14]} 29. g3 {[%emt 0:00:08] Barnim1-002 reconnected.}
h6 {[%emt 0:00:26]} 30. Kg2 {[%emt 0:00:05]} Qe4+ {[%emt 0:00:03]} 31. Kg1
{[%emt 0:00:03]} Qe2 {[%emt 0:00:23]} 32. h4 { [%emt 0:00:13]} g5 {[%emt
0:00:15]} 33. hxg5 {[%emt 0:00:05]} hxg5 {[%emt 0:00:01]} 34. a4 {[%emt
0:00:03]} Qc4 {[%emt 0:00:18]} 35. a5 {[%emt 0:00:04]} Qe2 { [%emt 0:00:08]}
36. b4 {[%emt 0:00:02]} Qd3 {[%emt 0:00:22]} 37. Qe3 {[%emt 0:00:03]} Qxe3
{[%emt 0:01:02]} 38. fxe3 {[%emt 0:00:00]} Ke6 {[%emt 0:00:01]} 39. Kf2 {[%emt
0:00:02]} Kf5 {[%emt 0:00:11]} 40. Kf3 {[%emt 0:00:11]} g4+ { [%emt 0:00:03]}
41. Kf2 {[%emt 0:00:04]} Ke4 {[%emt 0:00:04]} 42. Ke2 {[%emt 0:00:01]} f5
{[%emt 0:00:03]} 43. c4 {[%emt 0:00:05]} dxc4 {[%emt 0:00:05]} 44. Kd2 {[%emt
0:00:13]} Kf3 {[%emt 0:00:08]} 45. Kc3 {[%emt 0:00:01]} Kxg3 { [%emt 0:00:01]}
46. Kxc4 {[%emt 0:00:00]} Kf3 {[%emt 0:00:01]} 47. b5 {[%emt 0:00:04]} axb5+
{[%emt 0:00:04]} 48. Kc5 {[%emt 0:00:01]} g3 {[%emt 0:00:01]} 49. Kb6 {[%emt
0:00:01]} g2 {[%emt 0:00:04]} 50. Kxb7 {[%emt 0:00:01]} g1=Q { [%emt 0:00:03]}
51. a6 {[%emt 0:00:01]} Qg7+ {[%emt 0:00:02]} 52. Kb8 {[%emt 0:00:10]} b4
{[%emt 0:00:04]} 53. a7 {[%emt 0:00:01]} b3 {[%emt 0:00:13]} 54. a8=Q {[%emt
0:00:02]} Qf8+ {[%emt 0:00:01]} 55. Ka7 {[%emt 0:00:00]} Qxa8+ { [%emt
0:00:01]} 56. Kxa8 {[%emt 0:00:00]} b2 {[%emt 0:00:01]} 57. Kb7 {[%emt
0:00:00]} b1=Q+ {[%emt 0:00:02]} 58. Kxc6 {[%emt 0:00:00]} Qc2+ {[%emt
0:00:08]} 59. Kd5 {[%emt 0:00:03]} Kxe3 {[%emt 0:00:02]} 60. Ke5 {[%emt
0:00:02]} f4 { [%emt 0:00:03]} 61. d5 {[%emt 0:00:02]} f3 {[%emt 0:00:01]} 62.
d6 {[%emt 0:00:01]} Qc8 {[%emt 0:00:06]} 63. Kf6 {[%emt 0:00:02]} Qd7 {[%emt
0:00:06]} 64. Ke5 {[%emt 0:00:01]} f2 {[%emt 0:00:02]} 65. Kd5 {[%emt 0:00:05]}
f1=Q {[%emt 0:00:03]} 66. Ke5 {[%emt 0:00:01]} Qff5# {[%emt 0:00:03]} 0-1

[Event "DSJ Weihnachtsturnier U20 2020"]
[Site "https://play.chessbase.com/en/play?room=DSJWeihnachtU20"]
[Date "2020.12.29"]
[Round "6"]
[White "Hamm, Oliver"]
[Black "Wander, Dennis"]
[Result "1-0"]
[Termination "normal"]
[Board "16.3"]
[WhiteElo "1548"]
[BlackElo "1595"]
[WhiteTeam "Barnimer Schachfreunde im SV Stahl Finow"]
[BlackTeam "Delmenhorster SK V 1931"]
[PlyCount "91"]
[WhiteFideId "12999016"]
[BlackFideId "16276523"]
[EventRounds "7"]
[EventType "team-swiss"]
[EventDate "2020.12.29"]

1. e4 {[%emt 0:00:15]} e5 {[%emt 0:00:02]} 2. Nf3 {[%emt 0:00:03]} Nf6 { [%emt
0:00:01]} 3. Nxe5 {[%emt 0:00:01]} Nc6 {[%emt 0:00:01]} 4. Nxc6 {[%emt
0:00:13]} dxc6 {[%emt 0:00:00]} 5. Nc3 {[%emt 0:00:05]} Bc5 {[%emt 0:00:12]} 6.
Qe2 {[%emt 0:00:11]} Ng4 {[%emt 0:00:07]} 7. Nd1 {[%emt 0:00:08]} Qf6 {[%emt
0:00:05]} 8. h3 {[%emt 0:00:15]} Ne5 {[%emt 0:00:19]} 9. c3 {[%emt 0:00:29]}
Ng6 {[%emt 0:01:02]} 10. d4 {[%emt 0:00:08]} Bb6 {[%emt 0:00:04]} 11. g3 {[%emt
0:00:21]} h5 {[%emt 0:00:16]} 12. f4 {[%emt 0:01:07]} h4 {[%emt 0:00:06]} 13.
f5 {[%emt 0:00:06]} Ne7 {[%emt 0:00:11]} 14. g4 {[%emt 0:00:09]} c5 {[%emt
0:00:05]} 15. e5 {[%emt 0:00:16]} Qc6 {[%emt 0:00:06]} 16. Bg2 {[%emt 0:00:46]}
Qd7 {[%emt 0:00:15]} 17. f6 {[%emt 0:00:51]} Ng6 {[%emt 0:00:48]} 18. fxg7 {
[%emt 0:00:38]} Rg8 {[%emt 0:00:05]} 19. Bh6 {[%emt 0:00:08]} cxd4 {[%emt
0:00:04]} 20. Rf1 {[%emt 0:01:30]} Qe6 {[%emt 0:00:25]} 21. Rf5 {[%emt
0:01:01]} dxc3 {[%emt 0:00:28]} 22. Nxc3 {[%emt 0:00:16]} Ba5 {[%emt 0:00:04]}
23. Qb5+ { [%emt 0:00:57]} c6 {[%emt 0:00:28]} 24. Qxa5 {[%emt 0:00:05]} Ne7
{[%emt 0:00:36]} 25. Rf6 {[%emt 0:00:17]} Qc4 {[%emt 0:00:11]} 26. O-O-O {[%emt
0:00:11]} Be6 {[%emt 0:00:11]} 27. Qa3 {[%emt 0:00:10]} a6 {[%emt 0:00:21]} 28.
Rf4 { [%emt 0:00:03]} Qxf4+ {[%emt 0:00:33]} 29. Bxf4 {[%emt 0:00:01]} Rxg7
{[%emt 0:00:01]} 30. Rf1 {[%emt 0:00:01]} Rd8 {[%emt 0:00:04]} 31. Bd2 {[%emt
0:00:03]} Nd5 {[%emt 0:00:05]} 32. Nxd5 {[%emt 0:00:04]} Bxd5 {[%emt 0:00:00]}
33. Bxd5 { [%emt 0:00:01]} Rxd5 {[%emt 0:00:01]} 34. Qc3 {[%emt 0:00:01]} Rg6
{[%emt 0:00:06]} 35. Qf3 {[%emt 0:00:04]} Rd7 {[%emt 0:00:05]} 36. Bb4 {[%emt
0:00:02]} Re6 {[%emt 0:00:03]} 37. Qf5 {[%emt 0:00:02]} Kd8 {[%emt 0:00:05]}
38. Qg5+ { [%emt 0:00:02]} Kc7 {[%emt 0:00:03]} 39. Qe3 {[%emt 0:00:04]} Kb8
{[%emt 0:00:07]} 40. Bd6+ {[%emt 0:00:02]} Ka8 {[%emt 0:00:01]} 41. Qh6 {[%emt
0:00:05]} Ka7 {[%emt 0:00:02]} 42. Qh8 {[%emt 0:00:02]} Kb6 {[%emt 0:00:04]}
43. Qxh4 { [%emt 0:00:05]} f6 {[%emt 0:00:07]} 44. Qf2+ {[%emt 0:00:01]} Kb5
{[%emt 0:00:13]} 45. Qc5+ {[%emt 0:00:02]} Ka4 {[%emt 0:00:04]} 46. Qb4# {[%emt
0:00:01]} 1-0

[Event "DSJ Weihnachtsturnier U20 2020"]
[Site "https://play.chessbase.com/en/play?room=DSJWeihnachtU20"]
[Date "2020.12.29"]
[Round "6"]
[White "Alhamid, Mohamad"]
[Black "Conrad, Max"]
[Result "1-0"]
[Termination "normal"]
[Board "16.4"]
[WhiteElo "1664"]
[BlackElo "1306"]
[WhiteTeam "Delmenhorster SK V 1931"]
[BlackTeam "Barnimer Schachfreunde im SV Stahl Finow"]
[PlyCount "49"]
[WhiteFideId "16235665"]
[BlackFideId "16265572"]
[EventRounds "7"]
[EventType "team-swiss"]
[EventDate "2020.12.29"]

1. e4 {[%emt 0:00:23]} c6 {[%emt 0:00:03]} 2. d4 {[%emt 0:00:02]} d5 {[%emt
0:00:01]} 3. Nd2 {[%emt 0:00:02]} dxe4 {[%emt 0:00:03]} 4. Nxe4 {[%emt
0:00:00]} Bf5 {[%emt 0:00:02]} 5. Ng3 {[%emt 0:00:09]} Bg6 {[%emt 0:00:02]} 6.
Nf3 { [%emt 0:00:07]} e6 {[%emt 0:00:03]} 7. Bd3 {[%emt 0:00:02]} Bxd3 {[%emt
0:00:03]} 8. Qxd3 {[%emt 0:00:00]} Nf6 {[%emt 0:00:01]} 9. O-O {[%emt 0:00:01]}
Bd6 {[%emt 0:00:07]} 10. Bg5 {[%emt 0:00:04]} Nbd7 {[%emt 0:00:03]} 11. Ne4 {
[%emt 0:00:03]} Be7 {[%emt 0:00:04]} 12. Rae1 {[%emt 0:00:05]} O-O {[%emt
0:00:03]} 13. c4 {[%emt 0:00:20]} Re8 {[%emt 0:00:14]} 14. a3 {[%emt 0:00:24]}
Nxe4 {[%emt 0:00:31]} 15. Bxe7 {[%emt 0:00:07]} Qxe7 {[%emt 0:00:03]} 16. Qxe4
{ [%emt 0:00:20]} Nf6 {[%emt 0:00:03]} 17. Qf4 {[%emt 0:00:05]} Qd7 {[%emt
0:00:10]} 18. Ne5 {[%emt 0:00:07]} Qc7 {[%emt 0:00:10]} 19. Re3 {[%emt
0:00:26]} Rad8 {[%emt 0:00:23]} 20. Rg3 {[%emt 0:00:09]} Nh5 {[%emt 0:00:07]}
21. Qf3 { [%emt 0:00:19]} Nxg3 {[%emt 0:00:09]} 22. fxg3 {[%emt 0:00:00]} Rxd4
{[%emt 0:00:08]} 23. Nxf7 {[%emt 0:00:06]} Rf8 {[%emt 0:00:11]} 24. Nh6+ {[%emt
0:00:04] } gxh6 {[%emt 0:00:29]} 25. Qxf8# {[%emt 0:00:07]} 1-0

[Event "DSJ Weihnachtsturnier U20 2020"]
[Site "https://play.chessbase.com/en/play?room=DSJWeihnachtU20"]
[Date "2020.12.29"]
[Round "6"]
[White "Schön, Florian"]
[Black "Mehlhorn, David"]
[Result "1/2-1/2"]
[Termination "normal"]
[Board "17.1"]
[WhiteElo "1642"]
[BlackElo "1511"]
[WhiteTeam "VfB Schach Leipzig"]
[BlackTeam "SGem Aschheim/Feldkirchen/Kirchheim"]
[PlyCount "66"]
[WhiteFideId "16259394"]
[BlackFideId "34607757"]
[EventRounds "7"]
[EventType "team-swiss"]
[EventDate "2020.12.29"]

1. e4 {[%emt 0:00:10]} c5 {[%emt 0:00:01]} 2. Nc3 {[%emt 0:00:02]} Nc6 { [%emt
0:00:05]} 3. f4 {[%emt 0:00:01]} g6 {[%emt 0:00:01]} 4. Nf3 {[%emt 0:00:09]}
Bg7 {[%emt 0:00:02]} 5. Bb5 {[%emt 0:00:02]} e6 {[%emt 0:00:03]} 6. Bxc6 {
[%emt 0:00:01]} bxc6 {[%emt 0:00:01]} 7. d3 {[%emt 0:00:00]} Ne7 {[%emt
0:00:01]} 8. O-O {[%emt 0:00:03]} d5 {[%emt 0:00:01]} 9. Na4 {[%emt 0:00:09]}
Qa5 { [%emt 0:01:25]} 10. c4 {[%emt 0:00:16]} Ba6 {[%emt 0:00:17]} 11. Bd2
{[%emt 0:00:10]} Qc7 {[%emt 0:00:18]} 12. Nxc5 {[%emt 0:00:18]} Qb6 {[%emt
0:00:02]} 13. d4 {[%emt 0:00:12]} Bxc4 {[%emt 0:00:05]} 14. Re1 {[%emt
0:00:13]} Bxd4+ { [%emt 0:00:07]} 15. Nxd4 {[%emt 0:00:06]} Qxc5 {[%emt
0:00:01]} 16. Be3 { [%emt 0:00:01]} Qd6 {[%emt 0:00:17]} 17. e5 {[%emt
0:00:03]} Qc7 {[%emt 0:00:03]} 18. b3 {[%emt 0:00:03]} c5 {[%emt 0:00:24]} 19.
bxc4 {[%emt 0:00:25]} cxd4 {[%emt 0:00:02]} 20. Qxd4 {[%emt 0:00:08]} Nf5
{[%emt 0:00:02]} 21. Qc5 { [%emt 0:00:02]} Rc8 {[%emt 0:00:48]} 22. Qxc7 {[%emt
0:00:13]} Rxc7 {[%emt 0:00:00]} 23. cxd5 {[%emt 0:00:01]} Nxe3 {[%emt 0:00:06]}
24. Rxe3 {[%emt 0:00:01]} exd5 {[%emt 0:00:02]} 25. Rd3 {[%emt 0:00:01]} Rc4
{[%emt 0:00:19]} 26. g3 {[%emt 0:00:03]} O-O {[%emt 0:00:23]} 27. Rxd5 {[%emt
0:00:03]} Rfc8 {[%emt 0:00:01]} 28. Rad1 {[%emt 0:00:03]} Rc2 {[%emt 0:00:05]}
29. Rd8+ {[%emt 0:00:02] } Rxd8 {[%emt 0:00:07]} 30. Rxd8+ {[%emt 0:00:03]} Kg7
{[%emt 0:00:01]} 31. a4 {[%emt 0:00:08]} Rc4 {[%emt 0:00:18]} 32. a5 {[%emt
0:00:02]} Rc5 {[%emt 0:00:01]} 33. a6 {[%emt 0:01:15]} Rc6 {[%emt 0:00:04]
VfBLeip1-001 offers a draw} 1/2-1/2